Černé jazyky

Saved in:
Bibliographic Details
Main Author Dita, Táborská
Format Electronic eBook
LanguageCzech
Published Host 2021
Edition1. elektronické vydání
Subjects
Online AccessDostupné v BOOKPORT po přihlášení pomocí eduID
ISBN978-80-275-0947-8
978-80-275-0948-5
978-80-275-0689-7
Physical Description1 online zdroj (279 stran)

Cover

LEADER 00000nam a2200000 i 4500
001 bkp466860241
003 CZ-prgp
005 20220125162333.0
006 m o d
007 cr cn
008 220125s2021 xr o 000 1 cze
020 |a 978-80-275-0947-8   |c 229 Kč  |q (online ; pdf) 
020 |a 978-80-275-0948-5   |c 229 Kč  |q (online ; epub) 
020 |a 978-80-275-0689-7  |c 331 Kč  |q (print) 
040 |a Grada  |b cze  |e rda 
100 1 |a Dita, Táborská 
245 1 0 |a Černé jazyky  |c Táborská Dita 
250 |a 1. elektronické vydání 
264 1 |b Host  |c 2021 
300 |a 1 online zdroj (279 stran) 
336 |a text  |b txt  |2 rdacontent 
337 |a počítač  |b c  |2 rdamedia 
338 |a online zdroj  |b cr  |2 rdacarrier 
520 3 |a Příběh o hledání pravdy a vlastního místa v dějinách, odehrávající se na Tchaj-wanu 
650 0 4 |a Česká současná beletrie 
856 4 0 |u https://www.bookport.cz/AccountSaml/SignIn/?idp=https://shibboleth.utb.cz/idp/shibboleth&returnUrl=/kniha/cerne-jazyky-10365/  |y Dostupné v BOOKPORT po přihlášení pomocí eduID